| 000 | 01142nam a2200241Ia 4500 | ||
|---|---|---|---|
| 003 | Ost | ||
| 005 | 20260507075206.0 | ||
| 008 | 260507s9999||||xx |||||||||||||| ||und|| | ||
| 040 | _cfsecg | ||
| 041 | _aara | ||
| 082 | _a330 | ||
| 100 |
_aالصميدعي، محمود جاسم _eمؤلف |
||
| 245 | 0 |
_aإدارة المبيعات / _c محمود جاسم الصميدعي |
|
| 260 |
_aعمان: _bدار المسيرة, _c2010 |
||
| 300 |
_a344 صفحة؛ _bإيضاحات ؛ _c24 سم |
||
| 504 | _aمراجع ص. | ||
| 520 | _aمدخل الى ادارة المبيعات ، تخطيط المبيعات و تنظيمها ، تصميم و اختيار النقاط البيعية ، ادارة النقاط البيعية و قوى البيع ، القوى البيعية ، تدريب و تحفيز القوى البيعية ، البيع الشخصي ، التنبؤ بالمبيعات ، ميزانية المبيعات. | ||
| 653 | _aأدارة المبيعات | ||
| 653 | _aالترويج التجاري | ||
| 653 | _aالتسويق | ||
| 700 |
_aردينة، عثمان يوسف _eمؤلف ثانوي |
||
| 942 | _cكتاب | ||
| 999 |
_c43430 _d43430 |
||